000 00560nam a22001937a 4500
005 20251108170932.0
008 250721s1982 xx 000 0 ara d
082 1 4 _a217.5/حنب
100 1 _aإبن حنبل، أحمد بن محمد
245 1 0 _aالرد على الجهميه و الزنادق /
250 _aط2
264 1 _aالرياض :
_bدار اللواء،
_c1982.
300 _a154ص
650 1 7 _aالإسلام
650 1 7 _aالفقه
700 1 _aعميرة، عبد الرحمن
_eتحقيق
942 _2ddc
_cBK
999 _c52505
_d52505